[Event "Tourn. n9991"]
[Site "www.echecsemail.com"]
[Date "2018.12.25"]
[Round "1"]
[White "Tonino1"]
[Black "Gandalf50"]
[WhiteElo "2140"]
[BlackElo "2200"]
[Result "1/2-1/2"]
[Round "1"]
1.d4 Ng8f6
2.f4 d5
3.e3 g6
4.Bf1d3 Bf8g7
5.Ng1f3 O-O
6.O-O b6
7.c3 Bc8b7
8.Nb1d2 c5
9.Nf3e5 Nb8d7
10.Qd1f3 Qd8c7
11.e4 dxe4
12.Nd2xe4 Nf6xe4
13.Bd3xe4 Bb7xe4
14.Qf3xe4 Nd7f6
15.Qe4f3 e6
16.Bc1e3 cxd4
17.Be3xd4 Nf6d7
18.Ra1d1 Nd7xe5
19.Bd4xe5 Bg7xe5
20.fxe5 Qc7xe5
21.Rd1d7 Qe5c5
22.Kh1 Qc5b5
23.Rd7xf7 Qb5xf1
24.Qf3xf1 Rf8xf7
25.Qf1e2 Rf7f6
26.h3 Ra8f8
27.Qe2e5 Rf6f1
28.Kh2 Rf8e8
29.Qe5b5 Rf1f8
30.Qb5d7 e5
31.Qd7d5 Kg7
32.Qd5e4 Rf8f4
33.Qe4b7 Rf4f7
34.Qb7e4 Kh8
35.Kg3 Rf7f4
36.Qe4b7 Rf4f8
37.Qb7e4 { draw }
1/2-1/2

[Event "Tourn. n9991"]
[Site "www.echecsemail.com"]
[Date "2018.12.25"]
[Round "1"]
[White "Tonino1"]
[Black "Panham"]
[WhiteElo "2120"]
[BlackElo "2180"]
[Result "0-1"]
[Round "1"]
1.d4 d5
2.Ng1f3 Ng8f6
3.e3 Bc8f5
4.Bf1d3 Bf5xd3
5.Qd1xd3 e6
6.O-O Bf8d6
7.Nb1d2 O-O
8.Nf3e5 Nb8d7
9.f4 c5
10.c3 cxd4
11.exd4 Ra8c8
12.Qd3f3 Nd7b6
13.b3 Nf6d7
14.Bc1b2 Nd7xe5
15.fxe5 Bd6e7
16.Qf3g4 Qd8d7
17.Rf1f3 f5
18.Qg4h3 Qd7e8
19.Kh1 Be7g5
20.Nd2f1 Rc8c7
21.Nf1g3 g6
22.Bb2c1 Qe8e7
23.Ng3e2 Qe7d8
24.Ne2f4 Bg5xf4
25.Bc1xf4 Qd8d7
26.g4 fxg4
27.Qh3xg4 Nb6c8
28.Bf4g5 Rf8f5
29.Bg5f6 Qd7e8
30.Rf3xf5 exf5
31.Qg4g5 Rc7xc3
32.Ra1f1 Qe8c6
33.h4 Rc3c2
34.h5 Qc6c3
35.Qg5h4 Qc3d3
36.hxg6 Qd3xf1

0-1

[Event "Tourn. n9967"]
[Site "www.echecsemail.com"]
[Date "2018.12.25"]
[Round "1"]
[White "Francesco"]
[Black "Libiesse"]
[WhiteElo "1910"]
[BlackElo "1910"]
[Result "1-0"]
[Round "1"]
1.e4 c5
2.c3 e6
3.d4 cxd4
4.cxd4 d5
5.e5 Nb8c6
6.Ng1f3 Ng8e7
7.Bc1g5 Qd8b6
8.b3 Bc8d7
9.Nb1c3 Ra8c8
10.Nc3a4 Qb6c7
11.Bf1d3 a6
12.O-O Ne7g6
13.Ra1c1 Bf8a3
14.Rc1c2 Ba3e7
15.Bg5d2 O-O
16.Na4c5 Rc8a8
17.Qd1e2 Rf8d8
18.Bd3xg6 hxg6
19.Nc5d3 Rd8c8
20.Rf1c1 b5
21.Nd3b4 Be7xb4
22.Bd2xb4 Qc7b7
23.Bb4d6 Qb7b6
24.Bd6c5 Qb6b7
25.Nf3g5 Bd7e8
26.Qe2g4 { resign }
1-0

[Event "Match"]
[Site "www.echecsemail.com"]
[Date "2018.12.25"]
[Round "1"]
[White "Apdash"]
[Black "Zack1984"]
[WhiteElo "2250"]
[BlackElo "2310"]
[Result "0-1"]
[Round "1"]
1.e4 a6
2.d4 b5
3.c4 Bc8b7
4.d5 e6
5.cxb5 exd5
6.exd5 Bf8b4
7.Nb1c3 Ng8f6
8.bxa6 Qd8e7
9.Bc1e3 Nb8xa6
10.Bf1e2 Nf6xd5
11.Qd1b3 Nd5xe3
12.fxe3 Bb7xg2
{ resign }
0-1

[Event "Match"]
[Site "www.echecsemail.com"]
[Date "2018.12.25"]
[Round "1"]
[White "Logout"]
[Black "Jackbauer"]
[WhiteElo "1829"]
[BlackElo "1820"]
[Result "1-0"]
[Round "1"]
1.c4 e5
2.Nb1c3 Ng8f6
3.d3 Bf8b4
4.Bc1d2 Nb8c6
5.e3 d6
6.Bf1e2 O-O
7.Ng1f3 d5
8.cxd5 Nf6xd5
9.Nc3xd5 Qd8xd5
10.Bd2xb4 Nc6xb4
11.O-O Nb4c6
12.e4 Qd5d8
13.Qd1c2 Rf8e8
14.Ra1c1 a6
15.Rf1e1 Re8e7
16.Qc2c5 f6
17.Rc1d1 Bc8d7
18.d4 b6
19.Qc5c3 a5
20.Be2b5 exd4
21.Nf3xd4 Qd8f8
22.Bb5xc6 Ra8d8
23.Bc6xd7 Rd8xd7
24.Nd4c6 Re7f7
25.Qc3a3 Qf8a8
26.Rd1xd7 Rf7xd7
27.Nc6e7 Kf7
28.Ne7f5 Qa8c6
29.Qa3b3 Kf8
30.Qb3c3 Qc6e6
31.a3 c5
32.f3 g6
33.Nf5e3 Kg7
34.Ne3d5 Rd7f7
35.b4 Rf7b7
36.bxc5 Qe6e5
37.Qc3xe5 fxe5
38.c6 Rb7b8
39.c7 Rb8c8
40.Re1c1 b5
41.Nd5b6 { resign }
1-0

[Event "Match"]
[Site "www.echecsemail.com"]
[Date "2018.12.26"]
[Round "1"]
[White "Blackorblanc"]
[Black "Iko"]
[WhiteElo "1649"]
[BlackElo "1760"]
[Result "0-1"]
[Round "1"]
1.Nb1c3 e5
2.e4 Nb8c6
3.a4 Bf8b4
4.Nc3d5 Bb4d6
5.Ng1e2 Ng8f6
6.Ne2c3 O-O
7.g4 Nf6xd5
8.exd5 Nc6e7
9.d3 c6
10.Bc1g5 f6
11.Bg5e3 c5
12.g5 Ne7f5
13.Qd1d2 fxg5
14.Be3xg5 Bd6e7
15.Bg5xe7 Qd8xe7
16.O-O-O Nf5d4
17.Qd2e3 d6
 { time }
0-1

[Event "Match"]
[Site "www.echecsemail.com"]
[Date "2018.12.26"]
[Round "1"]
[White "Tonino1"]
[Black "Gilliere"]
[WhiteElo "2250"]
[BlackElo "2040"]
[Result "1-0"]
[Round "1"]
1.d4 Ng8f6
2.Ng1f3 e6
3.e3 d5
4.Bf1d3 Nb8c6
5.O-O Bf8d6
6.c3 O-O
7.Nb1d2 a6
8.Qd1e2 b5
9.a3 Bc8d7
10.e4 dxe4
11.Nd2xe4 Nf6xe4
12.Qe2xe4 g6
13.Bc1g5 Bd6e7
14.h4 Be7xg5
15.hxg5 f5
16.Qe4e2 Rf8e8
17.Rf1e1 Re8e7
18.d5 exd5
19.Qe2d2 Re7xe1
20.Ra1xe1 Qd8f8
21.Qd2f4 Ra8c8
22.Nf3e5 Nc6xe5
23.Qf4xe5 Rc8e8
24.Qe5xd5 Qf8f7
25.Re1xe8 Bd7xe8
26.c4 Qf7xd5
27.cxd5 Be8f7
28.a4 bxa4
29.Bd3xa6 Bf7xd5
30.Ba6b5 Bd5b3
31.f4 Kg7
32.Kf2 h6
33.gxh6 Kxh6
34.Bb5e2 g5
35.g3 gxf4
36.gxf4 Kg6
37.Ke3 Kf6
38.Kd4 c6
39.Kc5 Bb3d5
40.Be2d1 Kg6
41.Bd1xa4 Kh5
42.Ba4xc6 Bd5a2
43.b4 Kg4
44.b5 Kxf4
45.b6 Ba2e6
46.b7 { resign }
1-0

[Event "Tourn. n10014"]
[Site "www.echecsemail.com"]
[Date "2018.12.26"]
[Round "1"]
[White "Sbb"]
[Black "Tonino1"]
[WhiteElo "2670"]
[BlackElo "2300"]
[Result "1-0"]
[Round "1"]
1.d4 d6
2.g3 Ng8f6
3.Ng1f3 c6
4.Bf1g2 Qd8c7
5.O-O g6
6.c4 Bf8g7
7.Nb1c3 O-O
8.e4 e5
9.h3 Nf6e8
10.Bc1e3 f5
11.Qd1d2 Nb8d7
12.Ra1d1 Bg7h8
13.Rf1e1 Nd7b6
14.b3 Bc8d7
15.dxe5 dxe5
16.Be3xb6 axb6
17.Qd2xd7 Qc7xd7
18.Rd1xd7  { time }
1-0

[Event "Match"]
[Site "www.echecsemail.com"]
[Date "2018.12.26"]
[Round "1"]
[White "Tonino1"]
[Black "Aperturaf"]
[WhiteElo "2240"]
[BlackElo "2700"]
[Result "0-1"]
[Round "1"]
1.d4 d5
2.Ng1f3 Ng8f6
3.e3 e6
4.Bf1d3 c5
5.c3 Nb8c6
6.O-O Bf8d6
7.Nb1d2 O-O
8.Qd1e2 e5
9.dxe5 Nc6xe5
10.Nf3xe5 Bd6xe5
11.f4 Be5c7
12.Nd2f3 Rf8e8
13.Qe2c2 c4
14.Bd3f5 Bc8xf5
15.Qc2xf5 Bc7b6
16.Nf3e5 Qd8e7
17.Rf1f3 Nf6e4
18.Rf3h3 g6
19.Qf5g4 h5
20.Qg4h4 Qe7e6
21.g4 Bb6d8
22.g5 Bd8xg5
23.fxg5 Qe6xe5
24.Rh3f3 Qe5c7
25.Qh4f4 Re8e5
26.h4 Qc7d7
27.b3 Re5f5
 { time }
0-1

[Event "Tourn. n9999"]
[Site "www.echecsemail.com"]
[Date "2018.12.26"]
[Round "1"]
[White "Malbertan"]
[Black "Cemaah"]
[WhiteElo "1950"]
[BlackElo "1809"]
[Result "1-0"]
[Round "1"]
1.e4 Ng8f6
2.e5 Nf6d5
3.d4 d6
4.Ng1f3 Bc8g4
5.Bf1e2 e6
6.O-O Bf8e7
7.exd6 cxd6
8.c4 Nd5b6
9.Nb1c3 Nb8c6
10.Bc1e3 O-O
11.d5 Nc6a5
12.dxe6 Bg4xe6
13.b3 Nb6d7
14.Nf3d4 Na5c6
15.Nd4xe6 fxe6
16.Be2g4 Rf8f6
17.Nc3e4 Rf6g6
18.Bg4h5 Rg6f6
19.Ne4xf6 Nd7xf6
20.Bh5f3 Qd8d7
21.Be3g5 Nc6e5
22.Ra1c1 Ra8f8
23.Qd1e2 Ne5xf3
24.Qe2xf3 Nf6d5
25.Qf3g4 Nd5f6
26.Bg5xf6 Rf8xf6
27.Rc1d1 Rf6g6
28.Qg4e2 Qd7c6
29.f4 Be7d8
30.f5 exf5
31.Rf1xf5 h6
32.Rf5d5 Bd8b6
33.Kh1 Bb6c5
34.Qe2e4 Kh7
35.h4 { resign }
1-0

[Event "Match"]
[Site "www.echecsemail.com"]
[Date "2018.12.26"]
[Round "1"]
[White "Andychesston"]
[Black "Tonino1"]
[WhiteElo "2010"]
[BlackElo "2250"]
[Result "1-0"]
[Round "1"]
1.e4 d6
2.d4 Ng8f6
3.Nb1c3 c6
4.Ng1f3 Qd8c7
5.g3 e5
6.d5 c5
7.Nc3b5 Qc7d8
8.Qd1d3 g6
9.Bc1d2 a6
10.Nb5a3 Bf8g7
11.Na3c4 b5
12.Bd2a5 bxc4
13.Qd3a3 Qd8d7
14.Bf1xc4 Nf6xe4
15.Ra1d1 Qd7h3
16.Bc4f1 Qh3f5
17.Ba5c7 Nb8d7
18.Bf1g2 Ne4xf2
19.Kxf2 e4
20.Bc7xd6 Bg7d4
21.Ke2 exf3
22.Bg2xf3 Nd7e5
23.Rd1xd4 cxd4
24.Bd6xe5 Qf5xe5
25.Kd1 Kd8
26.Rh1e1 Qe5f6
27.Qa3a5 Kd7
28.Bf3g4 Kd6
29.Qa5b6  { time }
1-0

[Event "Match"]
[Site "www.echecsemail.com"]
[Date "2018.12.26"]
[Round "1"]
[White "Whitekknight"]
[Black "Zorkvonblitz"]
[WhiteElo "1850"]
[BlackElo "1649"]
[Result "1-0"]
[Round "1"]
1.e4 f5
2.exf5 Ng8f6
3.d4 d6
4.Bf1d3 e6
5.fxe6 Bc8xe6
6.Ng1f3 h6
7.Qd1e2 Qd8e7
8.O-O Be6f7
9.Qe2xe7 Bf8xe7
10.Rf1e1 Nb8c6
11.Nb1c3 O-O-O
12.h3 Rh8e8
13.Bc1e3 Nc6b4
14.Re1d1 Nb4xd3
15.Rd1xd3 d5
16.a3 g5
17.g4 Nf6e4
18.Nf3e5 Bf7g8
19.Ne5f3 Re8f8
20.Nf3e5 Bg8h7
21.Rd3d1 Ne4xc3
22.bxc3 c6
23.Ne5d3 Be7d6
24.Rd1d2 Rf8f3
25.Kg2 Bh7e4
26.Kf1 Rf3xh3
27.f3 Be4xf3
28.Nd3f2 Rh3g3
29.Rd2d3  { time }
1-0

[Event "Tourn. n10027"]
[Site "www.echecsemail.com"]
[Date "2018.12.26"]
[Round "1"]
[White "Luban"]
[Black "Cemaah"]
[WhiteElo "2080"]
[BlackElo "2290"]
[Result "0-1"]
[Round "1"]
1.d4 Ng8f6
2.c4 e6
3.e3 b6
4.Ng1f3 Bc8b7
5.a3 Bf8e7
6.Nb1c3 O-O
7.Bf1e2 Nf6e4
8.Nc3xe4 Bb7xe4
9.Bc1d2 f5
10.Bd2c3 Be7f6
11.Be2d3 Be4b7
12.O-O g5
13.Rf1e1 Qd8e8
14.e4 g4
15.Nf3d2 Qe8g6
16.exf5 exf5
17.Qd1c2 Bf6g7
18.d5 Nb8a6
19.b4 Rf8f7
20.Bc3xg7 Kxg7
21.Nd2f1 d6
22.Nf1g3 Ra8f8
23.Re1e6 Qg6g5
24.Qc2c3 Kg8
25.Ra1e1 Bb7c8
26.Re6e2 Na6b8
27.Ng3xf5 Bc8xf5
{ resign }
0-1

[Event "Match"]
[Site "www.echecsemail.com"]
[Date "2018.12.26"]
[Round "1"]
[White "Zorkvonblitz"]
[Black "Iko"]
[WhiteElo "1649"]
[BlackElo "1760"]
[Result "0-1"]
[Round "1"]
1.g4 e5
2.h4 Ng8f6
3.g5 Nf6h5
4.e3 f6
5.Qd1xh5 g6
6.Qh5e2 fxg5
7.hxg5 Qd8xg5
8.Ng1f3 Qg5f6
9.Bf1h3 Nb8c6
10.e4 Bf8d6
11.d3 O-O
12.Bc1g5 Qf6g7
13.Nb1c3 h6
14.Bg5e3 Bd6b4
15.O-O-O Qg7f7
16.Be3xh6 Qf7xf3
17.Rd1g1 Qf3xf2
 { time }
0-1

[Event "Match"]
[Site "www.echecsemail.com"]
[Date "2018.12.26"]
[Round "1"]
[White "Zorkvonblitz"]
[Black "Guidom"]
[WhiteElo "1649"]
[BlackElo "2100"]
[Result "0-1"]
[Round "1"]
1.g4 d5
2.g5 e5
3.h4 Nb8c6
4.Bf1g2 e4
5.c4 Bc8e6
6.cxd5 Be6xd5
7.Qd1a4 e3
8.Bg2xd5 Qd8xd5
9.Ng1f3 exf2
10.Kxf2 Bf8c5
11.Kf1 Ng8e7
12.Nb1c3 Qd5f5
13.Qa4e4 Qf5xe4
14.Nc3xe4 Bc5b6
15.b3 O-O-O
16.Bc1b2 Rh8g8
17.Ra1d1 Nc6b4
18.Bb2a3 Ne7c6
19.Rh1h3 Nb4c2
20.Ba3b2 Nc2e3
21.Ke1 Ne3xd1
22.Kxd1 Nc6d4
23.Ne4c3 Nd4xf3
24.Rh3xf3 Rd8d7
25.Nc3e4 Bb6d4
26.Bb2a3 Rg8e8
27.Ne4c5 Bd4xc5
28.Ba3xc5 b6
29.Bc5b4 c5
30.Bb4c3 g6
 { time }
0-1

[Event "Match"]
[Site "www.echecsemail.com"]
[Date "2018.12.26"]
[Round "1"]
[White "Hundegana"]
[Black "Zorkvonblitz"]
[WhiteElo "2100"]
[BlackElo "1649"]
[Result "1-0"]
[Round "1"]
1.e4 c5
2.b3 Nb8c6
3.Nb1c3 e5
4.Ng1f3 d6
5.h3 f5
6.exf5 Bc8xf5
7.d3 Ng8f6
8.g4 Bf5g6
9.Bf1g2 Nc6d4
10.Nf3xd4 cxd4
11.Nc3a4 Bf8e7
12.Bg2xb7 Ra8b8
13.Bb7c6 Kf8
14.Qd1f3 Bg6f7
15.O-O Qd8c7
16.Rf1e1 d5
17.g5 Qc7xc6
18.gxf6 gxf6
19.Bc1h6 Ke8
20.Ra1c1  { time }
1-0

[Event "Match"]
[Site "www.echecsemail.com"]
[Date "2018.12.26"]
[Round "1"]
[White "Apdash"]
[Black "Karlgrocer"]
[WhiteElo "2320"]
[BlackElo "1930"]
[Result "1-0"]
[Round "1"]
1.e4 c5
2.Ng1f3 d6
3.d4 cxd4
4.Nf3xd4 Ng8f6
5.Nb1c3 e6
6.Bc1g5 Bf8e7
7.Bf1c4 O-O
8.O-O a6
9.a4 Bc8d7
10.Kh1 Nb8c6
11.Nd4xc6 Bd7xc6
12.Qd1e2 Nf6d7
13.Bg5f4 Ra8c8
14.Ra1d1 Nd7b6
15.Bc4b3 Qd8c7
16.Qe2g4 Kh8
17.Rd1d3 Bc6d7
18.Qg4h5 g6
19.Qh5d1 Kg7
20.Bf4xd6 Be7xd6
21.Rd3xd6 Bd7c6
22.Qd1d4 Kg8
23.Rf1d1 Rc8e8
24.Qd4f6 Qc7e7
25.Qf6xe7 Re8xe7
26.f3 Kg7
27.Rd6d8 Rf8xd8
28.Rd1xd8 Nb6d7
29.Nc3e2 Nd7c5
30.a5 h5
31.Bb3c4 Nc5d7
32.Ne2d4 Nd7e5
33.Bc4e2 Kf6
34.Kg1 Re7d7
35.Nd4xc6 bxc6
36.Rd8xd7 Ne5xd7
37.Be2xa6 { resign }
1-0

[Event "Match"]
[Site "www.echecsemail.com"]
[Date "2018.12.26"]
[Round "1"]
[White "Guidom"]
[Black "Blackorblanc"]
[WhiteElo "2110"]
[BlackElo "1649"]
[Result "1-0"]
[Round "1"]
1.e4 g5
2.d4 h6
3.c4 a6
4.Nb1c3 Bf8g7
5.Ng1f3 g4
6.Nf3g1 h5
7.e5 d6
8.exd6 cxd6
9.Ng1e2 f5
10.Bc1g5 Ng8f6
11.Qd1d2 Nb8c6
12.Ne2f4 Qd8b6
13.d5 Nc6e5
14.Bf1e2 Bc8d7
15.O-O Ne5f7
16.Bg5h4 Nf7e5
17.Ra1b1 g3
18.hxg3 Bg7h6
19.Bh4xf6 exf6
20.Rf1e1 O-O-O
21.b4 Rd8g8
22.Kf1 Ne5g4
23.Be2xg4  { time }
1-0

[Event "1/32 Finale"]
[Site "www.chess-mail.com"]
[Date "2018.12.26"]
[Round "1"]
[White "Gvladutz"]
[Black "Ranjachess"]
[WhiteElo "2500"]
[BlackElo "1890"]
[Result "1-0"]
[Round "1"]
1.e4 e5
2.Ng1f3 d6
3.d4 Bc8g4
4.dxe5 Bg4xf3
5.Qd1xf3 dxe5
6.Bf1c4 Qd8f6
7.Qf3b3 b6
8.Nb1c3 c6
9.Nc3d5 cxd5
10.Bc4b5 Nb8d7
11.Bb5xd7 Kd8
12.Qb3xd5 Ra8b8
13.Bd7e6 Bf8d6
14.Qd5xd6 Ke8
15.Be6d7 Kd8
16.Bc1g5 Qf6xg5
17.Bd7c6 Kc8
18.Qd6d7 
1-0

[Event "Tourn. n9902"]
[Site "www.echecsemail.com"]
[Date "2018.12.27"]
[Round "1"]
[White "Seger"]
[Black "Gvladutz"]
[WhiteElo "2850"]
[BlackElo "2470"]
[Result "1-0"]
[Round "1"]
1.d4 Ng8f6
2.c4 e6
3.Ng1f3 d5
4.Nb1c3 c6
5.e3 Nb8d7
6.Qd1c2 Bf8d6
7.e4 e5
8.exd5 cxd5
9.Bc1g5 exd4
10.Nf3xd4 O-O
11.O-O-O h6
12.Bg5h4 Nd7b6
13.Kb1 Bc8d7
14.Nc3xd5 Nb6xd5
15.cxd5 Ra8c8
16.Qc2b3 Bd6e5
17.Nd4f3 Rf8e8
18.Bf1d3 Bd7g4
19.Rd1e1 Bg4xf3
20.gxf3 Qd8d6
21.Bh4g3 Be5xg3
22.fxg3 Qd6xd5
23.Qb3xd5 Nf6xd5
24.Bd3e4 Rc8c5
25.Re1c1 Rc5xc1
26.Rh1xc1 Re8d8
27.Ka1 Nd5e3
28.Be4xb7 Rd8d2
29.Rc1c8 Kh7
30.a4 Rd2xh2
31.Rc8a8 h5
32.Ra8xa7 Rh2g2
33.Ra7a5 Kg6
34.Ra5c5 Rg2xg3
35.Ka2 Rg3g5
36.Rc5xg5 Kxg5
37.Kb3 h4
38.f4 Kxf4
39.a5 Ne3f5
40.a6 Nf5d6
41.a7 Nd6xb7
42.a8Q Nb7c5
43.Kc4 Nc5e4
44.Qa8f8 f5
45.Qf8xg7 h3
46.Kd4 Kf3
47.Qg7h7 Kg4
48.Qh7g6 Ne4g5
49.Ke5 h2
50.Qg6xf5 Kh4
51.Qf5f4 Kh3
52.Qf4xg5 h1Q
53.Qg5h5 Kg2
54.Qh5xh1 { resign }
1-0

[Event "Tourn. n9984"]
[Site "www.echecsemail.com"]
[Date "2018.12.27"]
[Round "1"]
[White "Fabos12"]
[Black "Luban"]
[WhiteElo "2020"]
[BlackElo "2050"]
[Result "0-1"]
[Round "1"]
1.d4 d5
2.Ng1f3 e6
3.Bc1f4 a6
4.c3 c5
5.Nb1d2 Nb8c6
6.e3 Ng8f6
7.h3 Bf8e7
8.Bf1e2 O-O
9.Qd1c2 h6
10.Nf3e5 Bc8d7
11.O-O-O Ra8c8
12.Nd2f3 cxd4
13.Nf3xd4 Nc6xd4
14.exd4 Nf6e4
15.Be2d3 Be7g5
16.g3 Bd7c6
17.Ne5xc6 Rc8xc6
18.Bd3xe4 dxe4
19.Qc2xe4 Bg5xf4
20.gxf4 Qd8a5
21.Kb1 Rf8c8
22.Qe4e5 Qa5b6
23.Kc2 Qb6b4
24.Rd1d3 Rc8d8
25.Rh1g1 g6
26.Kb1 Qb4b6
27.Qe5f6 e5
28.Qf6xe5 Rc6e6
29.Qe5h5 Kh7
30.Qh5f3 Re6c6
31.f5 Rc6f6
32.fxg6 fxg6
33.Qf3e4 Rd8f8
34.Rg1xg6 Rf6xg6
35.Rd3g3 Rf8g8
36.Qe4e7 Rg8g7
37.Qe7e4 Qb6f6
38.h4 Kh8
39.Rg3xg6 Qf6xg6
40.f3 Kg8
41.Kc2 Kf7
{ resign }
0-1

[Event "Tourn. n9990"]
[Site "www.echecsemail.com"]
[Date "2018.12.27"]
[Round "1"]
[White "Ssharp"]
[Black "Raicolin"]
[WhiteElo "2280"]
[BlackElo "2459"]
[Result "0-1"]
[Round "1"]
1.e4 d5
2.exd5 Qd8xd5
3.Nb1c3 Qd5d6
4.d4 Ng8f6
5.h3 Bc8f5
6.Ng1f3 e6
7.Bf1d3 Bf5xd3
8.Qd1xd3 c6
9.O-O Nb8d7
10.a3 Qd6c7
11.b4 Bf8d6
12.Bc1b2 O-O
13.Nc3e2 a5
14.c4 e5
15.dxe5 Nd7xe5
16.Nf3xe5 Bd6xe5
17.Bb2xe5 Qc7xe5
18.Ne2g3 axb4
19.a4 Rf8d8
20.Qd3c2 Qe5f4
21.Rf1d1 Rd8xd1
22.Ra1xd1 g6
23.Ng3e2 Qf4e5
24.Ne2g3 h5
25.Ng3f1 Qe5a5
26.Nf1e3 Qa5xa4
27.Qc2b2 Nf6e4
28.Rd1d7 Qa4a1
{ resign }
0-1

[Event "Tourn. n10031"]
[Site "www.echecsemail.com"]
[Date "2018.12.27"]
[Round "1"]
[White "Apdash"]
[Black "Bojan"]
[WhiteElo "2240"]
[BlackElo "2030"]
[Result "1-0"]
[Round "1"]
1.d4 c6
2.e4 g6
3.c3 d5
4.exd5 cxd5
5.Ng1f3 a6
6.Bc1f4 Bf8g7
7.Bf1e2 b5
8.a4 bxa4
9.Ra1xa4 Bc8b7
10.Qd1b3 Qd8d7
11.Ra4b4 Qd7f5
12.Rb4xb7 Qf5xb1
13.Qb3d1 Qb1xd1
14.Be2xd1 Nb8d7
15.Bd1a4 Ng8f6
16.Nf3e5 Ra8d8
17.Ne5xd7 Nf6xd7
18.Bf4c7 Rd8c8
19.Bc7a5 O-O
20.Ba4xd7 Rc8b8
21.Rb7xb8 Rf8xb8
22.Ba5b4 e6
23.O-O Rb8b7
24.Bd7c8 Rb7b8
25.Bc8xa6 Rb8a8
26.Ba6d3 Ra8a2
27.Bb4a3 e5
28.Bd3b1 { resign }
1-0

[Event "Match"]
[Site "www.echecsemail.com"]
[Date "2018.12.27"]
[Round "1"]
[White "Dussek"]
[Black "Sonny1000"]
[WhiteElo "1840"]
[BlackElo "1540"]
[Result "1-0"]
[Round "1"]
1.e4 e5
2.Ng1f3 f6
3.Bf1c4 Ng8e7
4.d3 Ne7c6
5.c3 Nc6a5
6.Bc4f7 Kxf7
7.O-O g5
8.d4 Na5c6
9.d5 Nc6a5
10.b3 d6
11.Bc1d2 b6
12.c4 c5
13.Nb1c3 a6
14.Nc3e2 h5
15.Ne2g3 Na5b7
16.Bd2e3 Nb7a5
17.Ng3f5 Ra8a7
18.a3 Ra7b7
19.Ra1b1 Rb7a7
20.b4 Na5xc4
21.bxc5 Nc4xe3
22.fxe3 Qd8c7
23.c6 a5
24.Rb1b5 Nb8a6
25.Qd1b1 Qc7b8
26.Rb5xb6 Qb8c7
27.Qb1b5 Bc8b7
28.cxb7 Qc7b8
29.Qb5d7 Kg8
30.Qd7e6 Kh7
31.Qe6f7 Bf8g7
32.Qf7xg7 
1-0

[Event "Tourn. n9965"]
[Site "www.echecsemail.com"]
[Date "2018.12.27"]
[Round "1"]
[White "Ditto"]
[Black "Passaroa25"]
[WhiteElo "1830"]
[BlackElo "1670"]
[Result "1-0"]
[Round "1"]
1.e4 Ng8f6
2.e5 Nf6d5
3.d4 e6
4.Ng1f3 h6
5.c4 Bf8b4
6.Bc1d2 O-O
7.cxd5 Bb4xd2
8.Qd1xd2 exd5
9.Bf1d3 g6
10.O-O c6
11.Nb1c3 Kg7
12.Nf3e1 f5
13.Ne1f3 Rf8e8
14.Bd3c2 Re8h8
15.Nf3h4 Qd8xh4
16.Nc3e2 b5
17.Qd2e3 Qh4d8
18.Rf1e1 Qd8c7
19.Ne2g3 h5
20.Qe3g5 Bc8a6
21.Qg5f6 Kh7
22.e6 Rh8g8
23.Qf6f7 Kh8
24.e7 d6
25.Qf7xg8 Kxg8
26.e8Q Kg7
27.Re1e7 Qc7xe7
28.Qe8xe7 Kh6
29.Qe7xd6 Kg5
30.f4 Kg4
31.Bc2d1 { resign }
1-0

[Event "Tourn. n10009"]
[Site "www.echecsemail.com"]
[Date "2018.12.27"]
[Round "1"]
[White "Hansen"]
[Black "Julian"]
[WhiteElo "1680"]
[BlackElo "1660"]
[Result "1-0"]
[Round "1"]
1.e4 e5
2.Bf1c4 Ng8f6
3.Qd1f3 c6
4.d4 exd4
5.e5 Nf6d5
6.Ng1h3 Bf8b4
7.Bc1d2 Bb4xd2
8.Kxd2 O-O
9.Kd3 d6
10.Kxd4 dxe5
11.Kxe5 Rf8e8
12.Kd4 b5
13.Bc4b3  { time }
1-0

[Event "Tourn. n10009"]
[Site "www.echecsemail.com"]
[Date "2018.12.27"]
[Round "1"]
[White "Hansen"]
[Black "Osopanda"]
[WhiteElo "1680"]
[BlackElo "1640"]
[Result "1-0"]
[Round "1"]
1.e4 e5
2.Ng1f3 f5
3.Nf3xe5 Ng8f6
4.exf5 d6
5.Ne5c4 Bf8e7
6.Qd1f3 O-O
7.h4 Nb8c6
8.c3 Nc6e5
9.Qf3f4 Ne5xc4
10.Qf4xc4 d5
11.Qc4b3 b6
12.d4 Bc8xf5
13.Nb1d2  { time }
1-0

[Event "Tourn. n9941"]
[Site "www.echecsemail.com"]
[Date "2018.12.27"]
[Round "1"]
[White "Szustan"]
[Black "Seger"]
[WhiteElo "2570"]
[BlackElo "2850"]
[Result "0-1"]
[Round "1"]
1.e4 c5
2.c3 Ng8f6
3.e5 Nf6d5
4.d4 d6
5.Ng1f3 cxd4
6.cxd4 Nb8c6
7.Bf1c4 dxe5
8.Nf3xe5 e6
9.O-O Bf8d6
10.Rf1e1 O-O
11.Ne5f3 Nc6e7
12.Bc1g5 Qd8b6
13.Bc4b3 h6
14.Bg5d2 Bc8d7
15.Nb1a3 Bd6xa3
16.bxa3 Rf8c8
17.Bb3xd5 Ne7xd5
18.Ra1b1 Qb6c7
19.Nf3e5 f6
20.Ne5xd7 Qc7xd7
21.Qd1g4 f5
22.Qg4g3 Kf7
23.Qg3b3 b6
24.h3 Rc8c6
25.Re1e5 Kg8
26.Rb1e1 Ra8d8
27.Qb3g3 Kh7
28.a4 Nd5c7
29.Bd2e3 Rd8f8
30.a5 Rf8f6
31.axb6 axb6
32.Qg3f3 Nc7d5
33.Re1c1 Rc6d6
34.g3 Qd7a4
35.Qf3e2 b5
36.Kg2 b4
37.Rc1c2 Rf6f8
38.Qe2c4 Rf8f7
39.Qc4e2 Nd5c3
40.Qe2d3 Nc3xa2
41.Rc2c8 Na2c3
42.Re5c5 Qa4a7
43.Be3f4 Rd6b6
44.Bf4e3 Qa7b7
45.Kh2 Nc3e4
{ resign }
0-1

[Event "Tourn. n9989"]
[Site "www.echecsemail.com"]
[Date "2018.12.27"]
[Round "1"]
[White "Zack1984"]
[Black "Ssharp"]
[WhiteElo "2080"]
[BlackElo "2280"]
[Result "1-0"]
[Round "1"]
1.d4 d5
2.c4 e6
3.e3 Ng8f6
4.Ng1f3 Bf8b4
5.Nb1d2 O-O
6.a3 Bb4d6
7.c5 Bd6e7
8.b4 Bc8d7
9.Bf1d3 h6
10.Bc1b2 a5
11.b5 c6
12.b6 Bd7e8
13.Qd1c2 Nb8d7
14.a4 Nf6h5
15.Bb2c3 f5
16.Nd2b3 Nh5f6
17.Nb3xa5 Qd8c8
18.Na5b3 Nf6e4
19.a5 Ne4xc3
20.Qc2xc3 Nd7b8
21.a6 Nb8xa6
22.Bd3xa6 Ra8xa6
23.Ra1xa6 bxa6
24.Nb3a5 Be7d8
25.O-O Qc8b8
26.Rf1b1 f4
27.Nf3e5 fxe3
28.Qc3xe3 Bd8g5
29.Qe3h3 Rf8f6
30.b7 { resign }
1-0

[Event "Match"]
[Site "www.echecsemail.com"]
[Date "2018.12.27"]
[Round "1"]
[White "Tonino1"]
[Black "Kipik"]
[WhiteElo "2240"]
[BlackElo "2060"]
[Result "0-1"]
[Round "1"]
1.d4 d5
2.Ng1f3 Ng8f6
3.e3 b6
4.Bf1d3 e6
5.O-O Bf8d6
6.c3 Bc8b7
7.Nb1d2 O-O
8.Qd1e2 Nf6e4
9.Nf3e1 Nb8d7
10.f3 Bd6xh2
11.Kxh2 Qd8h4
12.Kg1 Ne4g3
13.Qe2d1 e5
14.Qd1c2 f5
15.Kf2 e4
16.Bd3b5 Nd7f6
17.Rf1g1 Ng3h1
18.Ke2 Qh4f2
19.Kd1 Qf2xg1
20.Nd2f1 c5
21.f4 c4
22.Bb5a4 Qg1xf1
23.b3 Nh1f2
24.Kd2 Bb7a6
25.bxc4 Ba6xc4
26.Bc1a3 Qf1e2
27.Kc1 Qe2xe1
 { time }
0-1

[Event "Tourn. n9986"]
[Site "www.echecsemail.com"]
[Date "2018.12.27"]
[Round "1"]
[White "Bevittsmith"]
[Black "Orhany24"]
[WhiteElo "2220"]
[BlackElo "2090"]
[Result "0-1"]
[Round "1"]
1.e4 e5
2.Ng1f3 Nb8c6
3.Bf1b5 a6
4.Bb5a4 Ng8f6
5.O-O b5
6.Ba4b3 Bf8e7
7.Rf1e1 d6
8.h3 Nc6a5
9.c3 Na5xb3
10.Qd1xb3 Bc8e6
11.Qb3c2 c5
12.d3 O-O
13.Bc1e3 Qd8d7
14.Nb1d2 Nf6h5
15.Kh2 f5
16.exf5 Be6xf5
17.Nf3g1 Bf5e6
18.Nd2f1 Rf8f7
19.Nf1g3 Nh5xg3
20.Kxg3 Ra8f8
21.Re1f1 d5
22.d4 cxd4
23.cxd4 e4
24.Ra1c1 Be7d6
{ resign }
0-1

[Event "Tourn. n10019"]
[Site "www.echecsemail.com"]
[Date "2018.12.27"]
[Round "1"]
[White "Malbertan"]
[Black "Francesco"]
[WhiteElo "1950"]
[BlackElo "1950"]
[Result "0-1"]
[Round "1"]
1.e4 c6
2.d4 d5
3.Nb1c3 dxe4
4.Nc3xe4 Bc8f5
5.Ne4g3 Bf5g6
6.Ng1f3 e6
7.h4 h6
8.h5 Bg6h7
9.Bf1d3 Bh7xd3
10.Qd1xd3 Nb8d7
11.c3 Qd8c7
12.Ng3e2 Ng8f6
13.Bc1f4 Bf8d6
14.Bf4xd6 Qc7xd6
15.O-O-O O-O-O
16.Kb1 Nd7c5
17.Qd3c2 Nc5e4
18.Rd1f1 Qd6d5
19.Nf3e5 Rh8f8
20.Ne2f4 Qd5d6
21.Qc2a4 a6
22.Kc1 c5
23.Nf4d3 cxd4
24.Ne5c4 Qd6c7
25.Rf1e1 dxc3
{ resign }
0-1

[Event "Match"]
[Site "www.echecsemail.com"]
[Date "2018.12.27"]
[Round "1"]
[White "Zorkvonblitz"]
[Black "Eeze"]
[WhiteElo "1649"]
[BlackElo "1800"]
[Result "0-1"]
[Round "1"]
1.g4 e5
2.h4 Bf8e7
3.g5 d5
4.Ng1f3 Nb8c6
5.b3 Be7b4
6.Bc1b2 Ng8e7
7.Nf3xe5 Nc6xe5
8.Bb2xe5 O-O
9.e3 Bc8f5
10.Nb1c3 Ne7g6
11.Be5g3 Bb4xc3
12.dxc3 Rf8e8
13.Bf1d3 Bf5e4
14.Bd3xe4 Re8xe4
15.h5 Ng6e5
16.Qd1e2 Qd8xg5
 { time }
0-1

[Event "Tourn. n10018"]
[Site "www.echecsemail.com"]
[Date "2018.12.27"]
[Round "1"]
[White "Picifarkinca"]
[Black "Julian"]
[WhiteElo "1820"]
[BlackElo "1740"]
[Result "1-0"]
[Round "1"]
1.e4 e5
2.Ng1f3 f5
3.Bf1c4 Ng8f6
4.Nb1c3 fxe4
5.Nf3xe5 d5
6.Bc4b5 c6
7.Bb5e2 Bf8d6
8.d4 O-O
9.O-O Nb8d7
10.Ne5xd7  { time }
1-0

[Event "Tourn. n9940"]
[Site "www.echecsemail.com"]
[Date "2018.12.27"]
[Round "1"]
[White "Jaroslavpech"]
[Black "Pdebonis"]
[WhiteElo "2470"]
[BlackElo "2700"]
[Result "1/2-1/2"]
[Round "1"]
1.e4 e6
2.d4 d5
3.Nb1c3 Ng8f6
4.Bc1g5 Bf8b4
5.e5 h6
6.exf6 hxg5
7.fxg7 Rh8g8
8.h4 gxh4
9.Ng1f3 Qd8f6
10.Qd1d3 Nb8c6
11.a3 Bb4e7
12.Nc3b5 Ra8b8
13.Nb5xc7 Kd7
14.Nc7b5 Qf6xg7
15.O-O-O a6
16.Nb5c3 b5
17.Nc3a2 a5
18.Kb1 b4
19.a4 Rb8b6
20.Qd3e3 b3
21.cxb3 Bc8a6
{ draw }
1/2-1/2